000
00316 a2200157 4500
001
178582
020
_a
040
_c
Magnum
100
_a
Braido, Eunice
240
1
0
_a
O canguru campeao
_l
por
245
1
0
_a
O canguru campeao
362
0
_a
1899
440
1
_a
FTD
697
_a
MAGNITO: I/ANIMAIS
942
_c
BK
999
_c
178582
_d
178582